000 00322nam a2200145Ia 4500
008 230718s9999 xx 000 0 und d
041 _aEng.
082 _a342.2
_bFAN-1
100 _aFan Man,J,M
245 0 _a101-qanoon
260 _aPakistan
_boxford publisher
_c2008
300 _a416
650 _aLaw
999 _c30225
_d30225